TEXTBOOK OF MEDICINAL CHEMISTRY (Record no. 12115)

MARC details
000 -LEADER
fixed length control field 00396nam a22001697a 4500
003 - CONTROL NUMBER IDENTIFIER
control field OSt
008 - FIXED-LENGTH DATA ELEMENTS--GENERAL INFORMATION
fixed length control field 231017b |||||||| |||| 00| 0 eng d
020 ## - INTERNATIONAL STANDARD BOOK NUMBER
International Standard Book Number 9789390709731
082 ## - DEWEY DECIMAL CLASSIFICATION NUMBER
Classification number 615.19 ALD
100 ## - MAIN ENTRY--PERSONAL NAME
Personal name ALAGARSAMY,V
245 ## - TITLE STATEMENT
Title TEXTBOOK OF MEDICINAL CHEMISTRY
250 ## - EDITION STATEMENT
Edition statement 4th
260 ## - PUBLICATION, DISTRIBUTION, ETC. (IMPRINT)
Place of publication, distribution, etc NEW DELHI
Name of publisher, distributor, etc CBS PUB.
300 ## - PHYSICAL DESCRIPTION
Extent X,628
650 ## - SUBJECT ADDED ENTRY--TOPICAL TERM
Topical term or geographic name as entry element MEDICINAL CHEMISTRY
942 ## - ADDED ENTRY ELEMENTS (KOHA)
Source of classification or shelving scheme Dewey Decimal Classification
Koha item type Text Books
Holdings
Withdrawn status Lost status Source of classification or shelving scheme Damaged status Not for loan Collection code Home library Current library Date acquired Source of acquisition Currency Cost, normal purchase price Serial Enumeration / chronologySerial Enumeration / Volume No. Bill Number Total Checkouts Full call number Acc. no. / Barcode Date last seen Actual Cost, discounted price Bill Date Koha item type Date last borrowed
    Dewey Decimal Classification     B.Pharma PIET C-LIBRARY PIET C-LIBRARY 14/10/2023 KIRTI PRAKSHAN RUPEES 725.00 2 IN-1041   615.19 ALD BP2308 17/10/2023 471.25 05/10/2023 Reference Books  
    Dewey Decimal Classification     B.Pharma PIET C-LIBRARY PIET C-LIBRARY 14/10/2023 KIRTI PRAKSHAN RUPEES 725.00 2 IN-1041 2 615.19 ALD BP2309 01/04/2025 471.25 05/10/2023 Text Books 27/03/2025
    Dewey Decimal Classification     B.Pharma PIET C-LIBRARY PIET C-LIBRARY 14/10/2023 KIRTI PRAKSHAN RUPEES 725.00 2 IN-1041 1 615.19 ALD BP2310 17/03/2025 471.25 05/10/2023 Text Books 11/03/2025
    Dewey Decimal Classification     B.Pharma PIET C-LIBRARY PIET C-LIBRARY 14/10/2023 KIRTI PRAKSHAN RUPEES 725.00 2 IN-1041 1 615.19 ALD BP2311 17/03/2025 471.25 05/10/2023 Text Books 11/03/2025
    Dewey Decimal Classification     B.Pharma PIET C-LIBRARY PIET C-LIBRARY 14/10/2023 KIRTI PRAKSHAN RUPEES 725.00 2 IN-1041 2 615.19 ALD BP2312 12/03/2025 471.25 05/10/2023 Text Books 25/02/2025
    Dewey Decimal Classification     B.Pharma PIET C-LIBRARY PIET C-LIBRARY 14/10/2023 KIRTI PRAKSHAN RUPEES 725.00 2 IN-1041 2 615.19 ALD BP2313 17/03/2025 471.25 05/10/2023 Text Books 12/03/2025
    Dewey Decimal Classification     B.Pharma PIET C-LIBRARY PIET C-LIBRARY 14/10/2023 KIRTI PRAKSHAN RUPEES 725.00 2 IN-1041   615.19 ALD BP2314 17/10/2023 471.25 05/10/2023 Text Books  
    Dewey Decimal Classification     B.Pharma PIET C-LIBRARY PIET C-LIBRARY 23/01/2025 Zafaa Books Distributres In Rupees 725.00   ZBDO449   615.19 ALD BP2586 03/02/2025 471.25 16/01/2025 Text Books  
    Dewey Decimal Classification     B.Pharma PIET C-LIBRARY PIET C-LIBRARY 23/01/2025 Zafaa Books Distributres In Rupees 725.00   ZBDO449   615.19 ALD BP2587 03/02/2025 471.25 16/01/2025 Text Books  

Design & Developed by: PIET Central Library
R70 Miles Stone Pattikalyana Samalkha Panipat 132102
mail ID :- [email protected], Phone No:- 0180-2569700 Ex.216